000 00513nam a2200181 a 4500
005 20240703063737.0
008 991125s1966 mx 000 0 spa u
035 _aUPN01000005091
049 _aF
050 4 _aLB7
_bF63 no.7
100 1 _aGonzález T., Margarita
245 1 3 _aLa autonomía en la educación escolar /
_cMargarita González T.
260 _aMéxico :
_bCEE,
_c1966.
300 _a14 p.
440 0 _aFolleto de divulgación ;
_v7
650 4 _aAutonomía en la educación
_93083
905 _aLibro
999 _c5091
_d5091